Aspectos normativos de la inversión extranjera : (Registro nro. 5664)
[ vista simple ]
| 000 -LEADER | |
|---|---|
| fixed length control field | 01214nam a2200301Ia 4500 |
| 003 - CONTROL NUMBER IDENTIFIER | |
| control field | OSt |
| 005 - DATE AND TIME OF LATEST TRANSACTION | |
| control field | 20201014104100.0 |
| 008 - FIXED-LENGTH DATA ELEMENTS--GENERAL INFORMATION | |
| fixed length control field | 191128s1998 ck fr 000 0 spa d |
| 020 ## - INTERNATIONAL STANDARD BOOK NUMBER | |
| International Standard Book Number | 9586017834 |
| 040 ## - CATALOGING SOURCE | |
| Original cataloging agency | CO-JMCR |
| Transcribing agency | CO-JMCR |
| 041 1# - LANGUAGE CODE | |
| Language code of text/sound track or separate title | spa |
| -- | eng |
| 082 04 - DEWEY DECIMAL CLASSIFICATION NUMBER | |
| Classification number | 332.673 / |
| Item number | M196a |
| Edition number | 23 |
| 100 1# - MAIN ENTRY--PERSONAL NAME | |
| Personal name | Mayorga Lorca, Roberto, |
| Relator term | autor |
| 9 (RLIN) | 5940 |
| 245 10 - TITLE STATEMENT | |
| Title | Aspectos normativos de la inversión extranjera : |
| Remainder of title | análisis comparativo / |
| Statement of responsibility, etc. | Roberto Mayorga, Matthias Herdegen, Matthias Hartwing |
| 250 ## - EDITION STATEMENT | |
| Edition statement | Primera edición |
| 260 ## - PUBLICATION, DISTRIBUTION, ETC. | |
| Place of publication, distribution, etc. | Bogotá : |
| Name of publisher, distributor, etc. | Tercer Mundo, |
| Date of publication, distribution, etc. | 1998. |
| 300 ## - PHYSICAL DESCRIPTION | |
| Extent | xii, 206 páginas ; |
| Dimensions | 23 cm. |
| 490 0# - SERIES STATEMENT | |
| Series statement | Económica |
| 500 ## - GENERAL NOTE | |
| General note | Incluye notas a pie de página. |
| 504 ## - BIBLIOGRAPHY, ETC. NOTE | |
| Bibliography, etc. note | Bibliografía: páginas 203-206 |
| 505 0# - FORMATTED CONTENTS NOTE | |
| Title | Regímenes legales de inversión extranjera en las Américas desafíos normativos / |
| Statement of responsibility | Roberto Mayorga L. |
| Title | Foreing Investment in India, Malaysia, Singapore and Japan: The normative framework / |
| Miscellaneous information | Matthias Herdegen |
| 546 ## - LANGUAGE NOTE | |
| Language note | Texto en español e inglés |
| 650 24 - SUBJECT ADDED ENTRY--TOPICAL TERM | |
| Topical term or geographic name entry element | Inversiones extranjeras |
| 9 (RLIN) | 5941 |
| 650 24 - SUBJECT ADDED ENTRY--TOPICAL TERM | |
| Topical term or geographic name entry element | Derecho y legislación |
| 9 (RLIN) | 11497 |
| 700 1# - ADDED ENTRY--PERSONAL NAME | |
| Personal name | Herdegen, Matthias, |
| Relator term | autor |
| 9 (RLIN) | 5942 |
| 700 1# - ADDED ENTRY--PERSONAL NAME | |
| Personal name | Hartwing, Matthias, |
| Relator term | autor |
| 9 (RLIN) | 5943 |
| 942 ## - ADDED ENTRY ELEMENTS (KOHA) | |
| Source of classification or shelving scheme | Dewey Decimal Classification |
| Koha item type | Books |
| Withdrawn status | Lost status | Source of classification or shelving scheme | Damaged status | Not for loan | Collection code | Home library | Current library | Date acquired | Source of acquisition | Cost, normal purchase price | Total Checkouts | Full call number | Barcode | Date last seen | Date last checked out | Copy number | Koha item type | Shelving location | Price effective from |
|---|---|---|---|---|---|---|---|---|---|---|---|---|---|---|---|---|---|---|---|
| Dewey Decimal Classification | Non-fiction | Biblioteca Pública José María del Castillo y Rada | Biblioteca Pública José María del Castillo y Rada | 04/15/2018 | Donación | 0.00 | 1 | 332.673 / M196a | 430003263 | 05/16/2024 | 01/26/2024 | Ej.1 | Books | ||||||
| Dewey Decimal Classification | Biblioteca Pública José María del Castillo y Rada | Biblioteca Pública José María del Castillo y Rada | 04/15/2018 | Donación | 332.673 / M196a | 201810083 | 05/16/2024 | Ej.2 | Books | General Stacks | 04/15/2018 |